00353nam a2200109Ia 4500008004100000100001700041245008300058245003600141260000900177650001300186856004400199170221s9999 xx 000 0 und d aMark Brimble aFinancial Planning and Financial Instruments: 2013 in Review, 2014 in Prospect cMark Brimble and Ciorstan Smark c2013 xBusiness uhttp://ro.uow.edu.au/aabfj/vol7/iss3/1/